A text-book of minor surgery / (Record no. 44181)
[ view plain ]
| 000 -LEADER | |
|---|---|
| fixed length control field | 00733cam1a220020500 4500 |
| 001 - CONTROL NUMBER | |
| control field | qce00133621 |
| 005 - DATE AND TIME OF LATEST TRANSACTION | |
| control field | 20190813175504.0 |
| 008 - FIXED-LENGTH DATA ELEMENTS--GENERAL INFORMATION | |
| fixed length control field | 780420c19121911nyua 000 0 eng d |
| 035 ## - SYSTEM CONTROL NUMBER | |
| System control number | (Sirsi) r24656 |
| 035 ## - SYSTEM CONTROL NUMBER | |
| System control number | (QCAT)lss01934159 |
| 035 ## - SYSTEM CONTROL NUMBER | |
| System control number | (UPRA)qce00133621 |
| 040 ## - CATALOGING SOURCE | |
| Modifying agency | UPRA |
| 100 1# - MAIN ENTRY--PERSONAL NAME | |
| Personal name | Foote, Edward Milton, 1866- |
| Dates associated with a name | Foote, Edward Milton, 1866- |
| Linkage | A87398.1 |
| 245 12 - TITLE STATEMENT | |
| Title | A text-book of minor surgery / |
| Statement of responsibility, etc. | by Edward Milton Foote ; illustrated by four hundred and seven engravings from original drawings and photographs. |
| 250 ## - EDITION STATEMENT | |
| Edition statement | 3rd ed. |
| 260 ## - PUBLICATION, DISTRIBUTION, ETC. | |
| Place of publication, distribution, etc. | New York : |
| Name of publisher, distributor, etc. | D. Appleton and Co., |
| Date of publication, distribution, etc. | 1912, [c1911] |
| 650 #0 - SUBJECT ADDED ENTRY--TOPICAL TERM | |
| Topical term or geographic name entry element | Surgery, Minor. |
| Linkage | S36851.1 |
| 949 ## - LOCAL PROCESSING INFORMATION (OCLC) | |
| a | RD111 |
| w | LC |
| i | -24458 |
| m | MEDICAL |
| t | BOOK |
| l | ON-SHELF |
| Withdrawn status | Lost status | Source of classification or shelving scheme | Damaged status | Not for loan | Home library | Current library | Shelving location | Total Checkouts | Full call number | Barcode | Date last seen | Copy number | Price effective from | Koha item type |
|---|---|---|---|---|---|---|---|---|---|---|---|---|---|---|
| Library of Congress Classification | Medical Library | Medical Library | On Shelf | RD111 | -24458 | 08/13/2019 | 1 | 08/13/2019 | Book |